[Event "Extraliga 2005/06"]
[Site "masterchessopen.com Czech Republic"]
[Date "2006.03.26"]
[Round "11"]
[White "Neuman Petr (CZE)"]
[Black "Oral Tomas (CZE)"]
[Result "0-1"]
[WhiteElo "2416"]
[BlackElo "2508"]

1.d4 Nf6 2.c4 e6 3.Nc3 Bb4 4.Qc2 d5 5.cxd5 exd5 6.Bg5 c5 7.a3 Bxc3+ 8.bxc3 O-O
9.Nf3 Nbd7 10.e3 Qa5 11.Bxf6 Nxf6 12.Nd2 cxd4 13.cxd4 Bd7 14.Qb2 Rfc8 15.Be2
Bf5 16.Qb5 Qc3 17.Ra2 Qc1+ 18.Bd1 Bc2 19.Qe2 Rc3 20.f3 Bd3 21.Qf2 Rac8 {#R}
0-1

[Event "Ch France (juniors) (under 16)"]
[Site "masterchessopen.com Aix les Bains (France)"]
[Round "4"]
[White "Tachikart Yassin (FRA)"]
[Black "Colovray Anthony (FRA)"]
[Result "1-0"]
[WhiteElo "2092"]
[BlackElo "1929"]

1.d4 Nf6 2.c4 e6 3.Nc3 Bb4 4.Qc2 d5 5.cxd5 exd5 6.Bg5 O-O 7.e3 b6 8.Nf3 Bb7
9.Bd3 h6 10.Bh4 c5 11.O-O Bxc3 12.bxc3 Nbd7 13.Bf5 Qc7 14.Bg3 Qc6 15.h4 Rfd8
16.Rfc1 Ne4 17.Bh2 g6 18.Bh3 f5 19.Ne5 Nxe5 20.Bxe5 Qe6 21.f3 Nd6 22.h5 gxh5
23.Qf2 Qg6 24.dxc5 bxc5 25.Rab1 Ba6 26.e4 fxe4 27.Qxc5 Nf7 28.Bc7 Bd3 29.Rb2
Re8 30.fxe4 dxe4 31.Re1 Qg5 32.Qd4 Ne5 33.Kh1 Ng6 34.Rb7 Re7 35.Bd8 Qd2
36.Be6+ Kh7 37.Bxe7 Qxe1+ 38.Kh2 Ba6 39.Bf8+ {#r} 1-0

[Event "Ch France (team) 2006"]
[Site "masterchessopen.com France"]
[Date "2006.04.01"]
[Round "6"]
[White "Nicoara Malina (FRA)"]
[Black "Leconte Maria (FRA)"]
[Result "0-1"]
[WhiteElo "2224"]
[BlackElo "2350"]

1.d4 Nf6 2.c4 e6 3.Nc3 Bb4 4.Qc2 d5 5.cxd5 exd5 6.Bg5 c5 7.dxc5 h6 8.Bh4 g5
9.Bg3 Ne4 10.Be5 O-O 11.e3 Nc6 12.Bd4 Qa5 13.Rc1 Re8 14.Be2 b6 15.a3 Nxd4
16.exd4 Bxc3+ 17.bxc3 bxc5 18.Kf1 cxd4 19.Nf3 dxc3 {#R} 0-1

[Event "Oberliga East B 2005/06"]
[Site "masterchessopen.com Germany"]
[Date "2006.04.01"]
[Round "10"]
[White "Krenz Valeriy (GER)"]
[Black "Jakel Wolfgang (GER)"]
[Result "1-0"]
[WhiteElo "2275"]
[BlackElo "2280"]

1.d4 Nf6 2.c4 e6 3.Nc3 Bb4 4.Qc2 d5 5.cxd5 exd5 6.Bg5 O-O 7.e3 Re8 8.Bd3 h6
9.Bh4 c5 10.dxc5 d4 11.O-O-O g5 12.Bc4 Kg7 13.Bg3 Nc6 14.Nb5 Ne4 15.Nf3 Bxc5
16.exd4 Bb6 17.Be5+ Nf6 18.h4 g4 19.Ng5 {#r} 1-0

[Event "It (open)"]
[Site "masterchessopen.com Dubai (United Arab Emirates)"]
[Date "2006.04.23"]
[Round "1"]
[White "Gagunashvili Merab (GEO)"]
[Black "Laabi Chian Majid (IRI)"]
[Result "1-0"]
[WhiteElo "2611"]
[BlackElo "2147"]

1.d4 Nf6 2.c4 e6 3.Nc3 Bb4 4.Qc2 d5 5.cxd5 exd5 6.Bg5 O-O 7.e3 h6 8.Bh4 Re8
9.Bd3 c5 10.Ne2 c4 11.Bf5 Be6 12.O-O Nbd7 13.Bxe6 fxe6 14.e4 g5 15.Bg3 Nf8
16.e5 Nh5 17.f4 Qe7 18.f5 Qh7 19.Qa4 Bxc3 20.Nxc3 exf5 21.Nxd5 Qf7 22.Nc3 a6
23.Qc2 f4 24.Bf2 b5 25.a4 b4 26.Ne4 b3 27.Qe2 f3 28.Qxf3 Qxf3 29.gxf3 Rec8
30.d5 Nf4 31.Rad1 Nd3 32.Bd4 Ng6 33.Nf6+ Kf8 34.Nd7+ Ke7 35.Nb6 Ngf4 36.Rd2
Rab8 37.Nxc8+ Rxc8 38.d6+ Ke6 39.h4 Rg8 40.Kh2 Kf5 41.Rg1 Ne6 42.Bc3 Kf4
43.Rg4+ Kxf3 44.Rxc4 Nf2 45.Ba5 Ne4 46.Rxe4 Kxe4 47.d7 Kxe5 48.Re2+ {#r} 1-0

[Event "It (open)"]
[Site "masterchessopen.com Djakovo (Croatia)"]
[Date "2006.04.30"]
[Round "1"]
[White "Martic Zlatko (CRO)"]
[Black "Saric Ante (CRO)"]
[Result "0-1"]
[WhiteElo "2300"]
[BlackElo "2489"]

1.d4 Nf6 2.c4 e6 3.Nc3 Bb4 4.Qc2 d5 5.cxd5 exd5 6.Bg5 c5 7.Nf3 cxd4 8.Nxd4 Nc6
9.e3 h6 10.Bb5 hxg5 11.Nxc6 bxc6 12.Bxc6+ Bd7 {#R} 0-1

[Event "Cup Ilyumzhinov"]
[Site "masterchessopen.com Internet"]
[Date "2006.05.06"]
[Round "0"]
[White "Kharitonov Alexandr (RUS)"]
[Black "Ovetchkin Roman (RUS)"]
[Result "1-0"]
[WhiteElo "2515"]
[BlackElo "2543"]

{ } 1.d4 Nf6 2.c4 e6 3.Nc3 Bb4 4.Qc2 d5 5.cxd5 exd5 6.Bg5 c5 7.dxc5 ( 7.a3
Bxc3+ 8.Qxc3 cxd4 9.Qxd4 Nc6 10.Qf4 d4 11.Bxf6 gxf6 12.Nf3 Qa5+ 13.Qd2 Qxd2+
14.Kxd2 Bf5 15.b4 O-O-O 16.Rc1 Kb8 17.g3 a5 18.Bg2 Be4 19.Nh4 Bxg2 20.Nxg2
axb4 21.axb4 Nxb4 22.Rc4 Nc6 23.Rb1 Ne5 24.Rcb4 Rd7 25.Nf4 Rc8 26.Ra4 Nc4+ {
...1/2-1/2, Van Wely Loek 2681 - Topalov Veselin 2757 , Wijk aan Zee 2004 It
(cat.19) } ) 7...h6 8.Bxf6 ( 8.Bh4 g5 9.Bg3 Ne4 10.e3 Qa5 11.Ne2 Bf5 12.Be5
O-O 13.Nd4 Bg6 14.Nb3 Nxc3 15.Bxc3 Bxc2 16.Nxa5 Bxc3+ 17.bxc3 b6 18.Kd2 bxa5
19.Kxc2 Rc8 20.h4 Nd7 21.hxg5 Nxc5 22.gxh6 Ne4 23.c4 Nxf2 24.Rh4 f5 25.Rd4
dxc4 26.Bxc4+ Kh7 27.Rf1 Ng4 { ...1-0, Kasparov Garry 2805 - Short Nigel D
2655 , London 1993 Ch World (match) (PCA) } ) 8...Qxf6 9.e3 { ? } 9...Nc6 {
+0.00 CAP } ( 9...O-O 10.Nf3 Be6 11.Be2 Nd7 12.O-O Bxc3 13.bxc3 Rac8 14.Qa4 a6
15.Qb4 Nxc5 16.a4 Rc7 17.c4 Ne4 18.cxd5 Bxd5 19.Nd4 Rfc8 20.Bf3 Rc4 21.Qb2
R8c5 22.Rfc1 Qb6 23.Qa3 Rxc1+ 24.Rxc1 Qb4 25.Qa1 Rxc1+ 26.Qxc1 Qxa4 27.Qc8+
Kh7 28.h4 Nd6 29.Qc5 { ...0-1, Komljenovic Davor 2465 - Delchev Aleksander
2669 , Benasque 6. 7.2005 It (cat.11) } ) ( 9...Be6 10.Rd1 O-O 11.Ne2 Rc8
12.g3 Qf3 13.Rg1 Nd7 14.Nf4 Bxc3+ 15.bxc3 Nxc5 16.Bg2 Qg4 17.h4 Bf5 18.Qb2 Na4
19.Qb3 Nxc3 20.Ra1 Ne4 21.Qb2 Nc5 22.Qd2 Be6 23.Bh3 Qf3 24.Bg2 Qg4 25.Bh3 {
1/2-1/2, Zaiatz Elena 2417 - Lahno Kateryna 2468 , Sochi 25. 4.2006 Ch Russia
(club) (w) } ) 10.Ne2 Bf5 11.Qb3 { N } ( 11.Qd2 d4 12.Nxd4 O-O-O 13.O-O-O Bxc5
14.Bd3 Bxd4 15.exd4 Rxd4 16.Qe3 Rxd3 17.Rxd3 Bxd3 18.Qxd3 Qg5+ 19.Kb1 Qxg2
20.Qf5+ Kb8 21.Rd1 f6 22.h4 Re8 23.a3 a6 24.Ka2 Ne5 25.Rd4 Rc8 26.Ne4 Qf1
27.Nd6 Rc7 28.Rb4 Qc1 29.f4 g6 30.Qxf6 Nc6 { ...1-0, Allen Keith 2233 - Emms
John M 2586 , Port Erin 1999 It (open) } ) 11...O-O-O { ?! } ( 11...Be6 { !? }
12.Nd4 Nxd4 13.exd4 Qxd4 14.Bb5+ Kf8 15.O-O Qxc5 16.a3 Bxc3 17.bxc3 Rc8 18.Be2
b6 { } ) 12.O-O-O Bh7 13.Nf4 { ?! } ( 13.f3 { !? } 13...Qe7 14.Nxd5 Qxc5+
15.Nec3 Bxc3 16.bxc3 Kb8 17.e4 Rhe8 18.Ba6 { } ) 13...d4 { ? } ( 13...Bxc3
14.bxc3 g5 15.Nxd5 Qxf2 16.Rd2 Qe1+ 17.Rd1 Qh4 18.Be2 Qe4 19.Bf3 Qe5 20.Kb2
Kb8 { } ) 14.Ncd5 Rxd5 15.Nxd5 Qxf2 16.Bd3 dxe3 17.Nxb4 e2 18.Bxe2 Qxe2
19.Nxc6 bxc6 20.Rd2 { ?? } ( 20.Rhe1 Qh5 21.Qa3 { } ) 20...Qe5 { ? } (
20...Qe4 21.Rd6 Re8 22.Rg1 Re7 23.Kd2 Qe2+ 24.Kc1 Qe4 25.Kd2 Qe2+ 26.Kc1 Qe4 {
} ) 21.Qc3 { ?! } ( 21.Rf1 { !? } 21...Qe4 22.Rd6 Bg6 23.g3 { } ) 21...Qf5
22.Qc2 { ? } ( 22.Qh3 Qxh3 23.gxh3 Bf5 24.Rf1 Be6 25.b4 Re8 26.a3 Kb7 27.h4 g6
28.Rfd1 f5 29.Rd6 f4 { } ) 22...Qxc2+ 23.Rxc2 Bxc2 24.Kxc2 Re8 25.Kd3 Re5
26.b4 f5 27.Rf1 g5 28.a3 f4 29.g3 Re3+ 30.Kd4 Rxa3 31.gxf4 gxf4 32.Rxf4 Rh3 {
?! } ( 32...Kb7 { !? } 33.Rf7+ Ka6 34.Rc7 Kb5 35.Rb7+ Ka6 36.Rb8 Ra2 37.Ke5
Rd2 38.h4 h5 39.b5+ cxb5 40.c6 Re2+ { } ) 33.Rf8+ { ?! } ( 33.Ke5 { !? }
33...Rxh2 34.Kd6 Rg2 35.Kxc6 Rg6+ 36.Kd5 a6 37.Rf8+ Kc7 38.Rf7+ Kc8 39.Rh7
Rg5+ 40.Kc4 Rg6 41.Kb3 Kb8 42.Ka4 h5 { } ) 33...Kb7 34.Rf7+ Kc8 { ?! } (
34...Ka6 { !? } 35.Ke5 Rd3 36.Ke6 Kb5 37.Rb7+ Kc4 38.b5 Re3+ 39.Kf6 Kxc5
40.bxc6 Kxc6 41.Rxa7 Rh3 42.Ra2 Kd5 43.Re2 Kd4 { } ) 35.Ke5 Rxh2 36.Kd6 Rb2
37.Kxc6 { } {#r} 1-0

[Event "Memorial R.Nezhmetdinov"]
[Site "masterchessopen.com Kazan (Russia)"]
[Date "2006.06.06"]
[Round "6"]
[White "Sadykova Alsu (RUS)"]
[Black "Gorbatjuk Vladimir (RUS)"]
[Result "0-1"]
[WhiteElo "2081"]
[BlackElo "2201"]

1.d4 Nf6 2.c4 e6 3.Nc3 Bb4 4.Qc2 d5 5.cxd5 exd5 6.Bg5 c5 7.Nf3 h6 8.Bh4 g5
9.Bg3 Nc6 10.e3 Ne4 11.Bd3 f5 12.Be5 O-O 13.O-O g4 14.Ne1 Nxe5 15.dxe5 Bxc3
16.bxc3 Be6 17.c4 Qc7 18.f3 Qxe5 19.fxe4 fxe4 20.Rxf8+ Rxf8 21.Qc1 Qf6 22.g3
Qf2+ 23.Kh1 exd3 24.Nxd3 Qf3+ 25.Kg1 dxc4 26.Nf4 Bd5 27.Nxd5 Qxd5 28.Rb1 b6
29.Qe1 Rd8 30.Qe2 h5 31.Rf1 Rd7 32.Qc2 Qe6 33.Qf2 Rf7 34.Qd2 Rxf1+ 35.Kxf1
Qf5+ 36.Kg1 Qb1+ 37.Kg2 Qd3 38.Qf2 Qe4+ 39.Kg1 c3 {#R} 0-1

[Event "It (open) (b)"]
[Site "masterchessopen.com Voronezh (Russia)"]
[Date "2006.06.12"]
[Round "1"]
[White "Blokhina Elvira (RUS)"]
[Black "Dudin Denis (RUS)"]
[Result "0-1"]
[WhiteElo "1932"]
[BlackElo "2232"]

1.d4 Nf6 2.c4 e6 3.Nc3 Bb4 4.Qc2 d5 5.cxd5 exd5 6.Bg5 O-O 7.e3 h6 8.Bh4 Re8
9.Bd3 c5 10.Ne2 Nc6 11.O-O cxd4 12.Nxd4 Nxd4 13.exd4 Be6 14.Bb5 Rf8 15.Qe2 Rc8
16.Rac1 a6 17.Bd3 Re8 18.Qf3 Be7 19.h3 Qb6 20.Bxf6 Bxf6 21.Nxd5 Bxd5 22.Rxc8
Rxc8 23.Qxd5 Bxd4 24.Qf5 Rc6 25.b3 g6 26.Qe4 Rf6 27.Qe2 Qd6 28.a4 Kg7 29.Bc4
Qf4 30.Bd5 b6 31.Bc4 a5 32.Bd5 h5 33.Qf3 Qd6 34.Qe4 Rf4 35.Qd3 Qxd5 36.Kh1 Qe4
37.Qc4 Be5 {#R} 0-1

[Event "It (cat.7)"]
[Site "masterchessopen.com Bibinje (Croatia)"]
[Date "2006.06.13"]
[Round "6"]
[White "Bilobrk Franjo (CRO)"]
[Black "Saric Ante (CRO)"]
[Result "0-1"]
[WhiteElo "2381"]
[BlackElo "2489"]

1.d4 Nf6 2.c4 e6 3.Nc3 Bb4 4.Qc2 d5 5.cxd5 exd5 6.Bg5 c5 7.dxc5 h6 8.Bxf6 Qxf6
9.e3 Be6 10.a3 Bxc3+ 11.Qxc3 Qxc3+ 12.bxc3 O-O 13.Rb1 Nd7 14.Rxb7 Nxc5 15.Rb4
a5 16.Rb5 Rfc8 17.Nf3 Ne4 18.c4 dxc4 19.Nd4 c3 20.Bd3 Nc5 21.Bc2 Bc4 22.Rb1
Rab8 23.f3 Nd3+ 24.Bxd3 Bxd3 25.Rd1 Ba6 26.Kf2 Rb2+ 27.Kg3 c2 28.Rc1 Bd3
29.Kf2 Rb1 30.e4 Rc3 31.Ne2 Rxa3 32.Nf4 Rb2 33.Nxd3 Rxd3 34.Ke2 Rd8 {#R} 0-1

[Event "Ch Greece (team)"]
[Site "masterchessopen.com Ermioni (Greece)"]
[Date "2006.07.07"]
[Round "5"]
[White "Dreev Alexey (RUS)"]
[Black "Kulaots Kaido (EST)"]
[Result "1-0"]
[WhiteElo "2655"]
[BlackElo "2543"]

{ Dreev Alexey (RUS) +1 =2 -0 } 1.d4 Nf6 2.c4 e6 3.Nc3 Bb4 4.Qc2 d5 5.cxd5
exd5 6.Bg5 h6 7.Bxf6 { ? } ( 7.Bh4 c5 8.dxc5 g5 9.Bg3 Ne4 10.e3 Qa5 11.Ne2 Bf5
12.Be5 O-O 13.Nd4 Bg6 14.Nb3 Nxc3 15.Bxc3 Bxc2 16.Nxa5 Bxc3+ 17.bxc3 b6 18.Kd2
bxa5 19.Kxc2 Rc8 20.h4 Nd7 21.hxg5 Nxc5 22.gxh6 Ne4 23.c4 Nxf2 24.Rh4 f5
25.Rd4 dxc4 26.Bxc4+ Kh7 { ...1-0, Kasparov Garry 2805 - Short Nigel D 2655 ,
London 1993 Ch World (match) (PCA) } ) 7...Qxf6 8.a3 Bxc3+ 9.Qxc3 c6 10.e3 O-O
11.Nf3 Bf5 12.Be2 Nd7 13.O-O { = } 13...Rfe8 14.b4 Rac8 ( 14...a6 15.Rfc1 Nf8
16.a4 Rac8 17.Qd2 Be4 18.Ne5 Ng6 19.Nxg6 Qxg6 20.Bf1 h5 21.Qe2 h4 22.h3 Bf5
23.Qf3 Re6 24.b5 axb5 25.axb5 Rf6 26.bxc6 bxc6 27.Qf4 Bxh3 28.Qxh4 Bd7 29.Ra7
Qf5 30.Rca1 Rh6 31.Qe7 Qh7 32.f3 Rh1+ 33.Kf2 Qc2+ 34.Be2 { ...1/2-1/2,
Anastasian Ashot 2602 - Yegiazarian Arsen 2531 , Yerevan 19. 3.2006 Ch Armenia
} ) 15.Rfc1 ( 15.Qb3 Be4 16.Rfc1 Nb6 17.Nd2 Qd6 18.a4 Nd7 19.Bg4 Rc7 20.Bxd7
Qxd7 21.Rc3 Re6 22.Nxe4 Rxe4 23.Rac1 a6 24.b5 axb5 25.axb5 Re6 26.Qa4 h5
27.Qd1 g6 28.Qf3 Rc8 29.h3 Kg7 30.Qg3 Rce8 31.bxc6 Rxc6 32.Rxc6 bxc6 33.Qf4
Qb7 34.Qd6 Re6 { ...1/2-1/2, Bilyap Siracettin 2280 - Amos Bruce M 2415 ,
Skopje 1972 Olympiad } ) 15...Qd6 { +0.07 CAP } 16.Qb2 { N } ( 16.Nd2 Nf6
17.Qc5 Qb8 18.b5 cxb5 19.Qxb5 Rxc1+ 20.Rxc1 Rc8 { 1/2-1/2, Marcelin Cyril 2441
- Werle Jan 2514 , Wijk aan Zee 21. 1.2006 It (cat.9) } ) ( 16.a4 Nf6 17.Qc5
Qb8 18.b5 Be4 19.Nd2 cxb5 20.Qxb5 Bf5 21.Nb3 b6 22.a5 Rxc1+ 23.Nxc1 Qc7
24.axb6 axb6 25.Na2 Qa7 26.Bd1 Qa3 27.Bb3 Qb2 28.Rf1 Ra8 29.Qxb6 Bd3 30.Qc6
Rb8 31.Rd1 Qxb3 { 0-1, Kekki Petri 2362 - Blatny Pavel 2390 , Groningen 1985
Ch Europe (juniors) } ) 16...Bg4 17.Bd3 Qf6 18.Nd2 h5 19.h3 Bf5 20.Bxf5 Qxf5
21.Qc2 Qxc2 22.Rxc2 Kf8 23.Nb3 Ke7 24.Na5 Rc7 25.Rac1 Rec8 26.f3 Kd6 27.e4 f6
28.Kf2 a6 29.exd5 Kxd5 30.Re2 b6 { ? } ( 30...g6 31.f4 b5 32.Kf3 Rf8 33.Nb3
Ra7 34.f5 gxf5 35.Na5 Rc7 36.Kf4 Rg8 37.Rec2 Rgc8 { } ) 31.Nc4 g6 32.Re7 Rb8
33.Ne3+ Kd6 34.Rg7 g5 35.Rd1 h4 36.d5 cxd5 37.Nxd5 Rc2+ 38.Kf1 { } {#r} 1-0

[Event "Cup North Sea (open)"]
[Site "masterchessopen.com Esbjerg (Denmark)"]
[Date "2006.07.09"]
[Round "3"]
[White "Antonsen Mikkel (DEN)"]
[Black "Fogh Jens Olav (DEN)"]
[Result "1-0"]
[WhiteElo "2386"]
[BlackElo "2099"]

1.d4 Nf6 2.c4 e6 3.Nc3 Bb4 4.Qc2 d5 5.cxd5 exd5 6.Bg5 O-O 7.e3 Nbd7 8.Nf3 Qe8
9.Bd3 c6 10.O-O Bxc3 11.bxc3 Ne4 12.Bf4 f5 13.Ne5 Nxe5 14.Bxe5 Qh5 15.f3 Ng5
16.c4 Be6 17.Rab1 b6 18.a4 Nf7 19.Bg3 Rfe8 20.Rfe1 Qh6 21.Kf2 Qf6 22.c5 g5
23.Kg1 f4 24.Bf2 bxc5 25.Qxc5 g4 26.exf4 gxf3 27.Qxc6 Qxf4 28.Rxe6 Rec8
29.Qxd5 Qg4 30.g3 Rf8 31.Rf6 {#r} 1-0

[Event "Tournament (juniors)"]
[Site "masterchessopen.com Lublin (Poland)"]
[Date "2006.07.10"]
[Round "3"]
[White "Tomsia Kamil (POL)"]
[Black "Czornik Janusz (POL)"]
[Result "1-0"]
[WhiteElo "1980"]
[BlackElo "1706"]

1.d4 Nf6 2.c4 e6 3.Nc3 Bb4 4.Qc2 d5 5.cxd5 exd5 6.Bg5 Bg4 7.e3 c6 8.Bd3 h6
9.Bh4 Nbd7 10.h3 Be6 11.Ne2 Qc7 12.Bg3 Bd6 13.O-O Bxg3 14.Nxg3 O-O 15.Nge2 Nb6
16.b3 Qc8 17.Nf4 Bd7 18.Kh2 Qc7 19.Kh1 Qc8 20.g4 g5 21.Nfe2 Bxg4 22.hxg4 Qxg4
23.Bf5 Qh5+ 24.Kg2 Ng4 25.Bxg4 Qxg4+ 26.Ng3 Kg7 27.Rh1 Rh8 28.Qf5 Qxf5
29.Nxf5+ Kg6 30.Ng3 h5 31.Rh2 h4 32.Nge2 g4 33.Rah1 h3+ 34.Kg3 Kg5 35.f3 f5
36.fxg4 fxg4 37.Nf4 Rae8 38.Re1 Rhf8 39.Rf2 Rf6 40.e4 Ref8 41.Ne6+ {#r} 1-0

[Event "Tournament (Elo)"]
[Site "masterchessopen.com Lubawka (Poland)"]
[Date "2006.07.12"]
[Round "5"]
[White "Sanetra Szymon (POL)"]
[Black "Stecko Artur (POL)"]
[Result "1-0"]
[WhiteElo "2048"]
[BlackElo "1845"]

1.d4 Nf6 2.c4 e6 3.Nc3 Bb4 4.Qc2 d5 5.cxd5 exd5 6.Bg5 c6 7.e3 O-O 8.Bd3 h6
9.Bh4 Re8 10.Ne2 Nbd7 11.O-O Bd6 12.Bg3 Qe7 13.Rae1 Nf8 14.Bxd6 Qxd6 15.Ng3 g6
16.f3 h5 17.Qf2 Be6 18.h3 Rad8 19.f4 Bc8 20.f5 g5 21.e4 dxe4 22.Ngxe4 Nxe4
23.Nxe4 Qh6 24.Bc4 Nd7 25.Qg3 Nb6 26.Bb3 Nd5 27.Nxg5 Qg7 28.f6 Nxf6 29.Bxf7+
Kf8 {#r} 1-0

[Event "It (open)"]
[Site "masterchessopen.com La Fere (France)"]
[Date "2006.07.13"]
[Round "8"]
[White "Grigorov Grigor (BUL)"]
[Black "Clery Nicolas (FRA)"]
[Result "1-0"]
[WhiteElo "2424"]
[BlackElo "2313"]

1.d4 Nf6 2.c4 e6 3.Nc3 Bb4 4.Qc2 d5 5.cxd5 exd5 6.Bg5 c5 7.dxc5 h6 8.Bh4 g5
9.Bg3 Ne4 10.e3 Qa5 11.Ne2 Bf5 12.Be5 O-O 13.Nd4 Re8 14.Bxb8 Nxc3 15.Nxf5 Ne4+
16.Kd1 Raxb8 17.f3 Red8 18.Bd3 Bxc5 19.Ke2 Rbc8 20.fxe4 dxe4 21.Bc4 Bf8 22.Nd4
b5 23.Bxf7+ Kxf7 24.Qxe4 Kg8 25.Qe6+ Kh8 26.Rac1 Re8 27.Rxc8 Rxe6 28.Rxf8+ Kh7
29.Nxe6 Qxa2 30.Nd4 Qxb2+ 31.Kf3 g4+ 32.Kg3 Qa3 33.Re8 Qd6+ 34.Kf2 b4 35.Re6
Qc7 36.Rd6 Qf7+ 37.Ke2 Qd5 38.Kd3 Qxg2 39.Ra1 a5 40.Rxa5 Qf1+ 41.Ke4 Qg2+
42.Kf5 Qf2+ 43.Kxg4 Qg2+ 44.Kf4 Qxh2+ 45.Ke4 Qg2+ 46.Nf3 Qg4+ 47.Kd3 {#r} 1-0

[Event "It \"]
[Site "masterchessopen.com Kitchener (Canada)"]
[Date "2006.07.21"]
[Round "7"]
[White "Mikanovic Goran (CAN)"]
[Black "Bluvshtein Mark (CAN)"]
[Result "0-1"]
[WhiteElo "2284"]
[BlackElo "2541"]

1.d4 Nf6 2.c4 e6 3.Nc3 Bb4 4.Qc2 d5 5.cxd5 exd5 6.Bg5 h6 7.Bxf6 Qxf6 8.a3
Bxc3+ 9.Qxc3 O-O 10.e3 Bf5 11.Ne2 Rc8 12.Ng3 Be6 13.Rc1 Nd7 14.b4 c6 15.Bd3 b5
16.O-O Nb6 17.f3 Nc4 18.Bxc4 bxc4 19.e4 a5 20.e5 Qg6 21.Rf2 axb4 22.axb4 Ra4
23.Rb2 Qg5 24.Rf2 Qg6 25.Rb2 Bd7 26.Ne2 Rca8 27.Qd2 Ra1 28.Nf4 Qf5 29.Rc2 g5
30.Ne2 Qd3 31.Kf2 Qxd2 32.Rxd2 Bf5 33.Rxa1 Rxa1 34.Rb2 Bd3 35.g4 Rh1 36.Kg2
Rd1 37.Kf2 Bxe2 38.Kxe2 Rxd4 39.b5 cxb5 40.Rxb5 c3 41.Rb8+ Kg7 42.Rc8 Rd2+
43.Ke1 d4 44.h3 Rh2 45.Kd1 Rxh3 46.Rd8 Rxf3 47.Rxd4 Rf4 48.Rd3 Rxg4 49.Rxc3
Rd4+ 50.Kc2 Rd5 {#R} 0-1

[Event "It (open)"]
[Site "masterchessopen.com Biel (Switzerland)"]
[Date "2006.07.24"]
[Round "1"]
[White "Golod Vitali (ISR)"]
[Black "Guex Pascal (SUI)"]
[Result "1-0"]
[WhiteElo "2582"]
[BlackElo "2185"]

1.d4 Nf6 2.c4 e6 3.Nc3 Bb4 4.Qc2 d5 5.cxd5 exd5 6.Bg5 c5 7.dxc5 h6 8.Bxf6 Qxf6
9.e3 O-O 10.Ne2 Nc6 11.a3 Bf5 12.Qd2 Bxc3 13.Qxc3 Qxc3+ 14.Nxc3 d4 15.Nb5 Rad8
16.Nd6 Bg6 17.Bb5 dxe3 18.fxe3 a6 19.Bxc6 bxc6 20.Rf1 Rb8 21.b4 a5 22.Rf4 Ra8
23.b5 cxb5 24.c6 {#r} 1-0

[Event "It (open) (active)"]
[Site "masterchessopen.com Villarrobledo (Spain)"]
[Date "2006.08.05"]
[Round "3"]
[White "Herraiz Hidalgo Herminio (ESP)"]
[Black "Van Wely Loek (NED)"]
[Result "0-1"]
[WhiteElo "2493"]
[BlackElo "2676"]

{ Herraiz Hidalgo Herminio (ESP) +2 =0 -0 Van Wely Loek (NED) +0 =1 -0 } 1.d4
Nf6 2.c4 e6 3.Nc3 Bb4 4.Qc2 d5 5.cxd5 exd5 6.Bg5 h6 7.Bxf6 { ? } ( 7.Bh4 c5
8.dxc5 g5 9.Bg3 Ne4 10.e3 Qa5 11.Ne2 Bf5 12.Be5 O-O 13.Nd4 Bg6 14.Nb3 Nxc3
15.Bxc3 Bxc2 16.Nxa5 Bxc3+ 17.bxc3 b6 18.Kd2 bxa5 19.Kxc2 Rc8 20.h4 Nd7
21.hxg5 Nxc5 22.gxh6 Ne4 23.c4 Nxf2 24.Rh4 f5 25.Rd4 dxc4 26.Bxc4+ Kh7 {
...1-0, Kasparov Garry 2805 - Short Nigel D 2655 , London 1993 Ch World
(match) (PCA) } ) 7...Qxf6 8.a3 Bxc3+ 9.Qxc3 O-O 10.e3 c6 11.Nf3 { = } 11...a5
( 11...Bf5 12.Be2 Nd7 13.O-O { 1/2-1/2, Barsov Alexei 2471 - Beliavsky
Alexander G 2660 , Tripoli 19. 6.2004 Ch World FIDE (KO-system) } ) 12.Be2 {
-0.04 CAP } ( 12.Bd3 Bf5 13.Ne5 Nd7 14.Nxd7 Bxd7 15.O-O a4 { 1/2-1/2, Bern
Ivar 2356 - Inkiov Ventzislav 2485 , Gausdal 1990 It "Peer Gynt" } ) 12...a4 {
N } ( 12...Bg4 13.O-O Qd6 14.b4 axb4 15.axb4 Nd7 16.b5 c5 17.dxc5 Qxc5 18.Qxc5
Nxc5 19.h3 Be6 20.Nd4 Rfc8 21.g4 Kf8 22.Rfc1 Rxa1 23.Rxa1 Ke7 24.Kg2 Kd6 25.h4
Bd7 26.Bf3 Ne4 27.Bxe4 dxe4 28.Kg3 { 1/2-1/2, Savchenko Stanislav 2583 -
Lerner Konstantin Z 2588 , Bad Woerishofen 1999 It (open) } ) 13.O-O Bg4 14.h3
Bxf3 15.Bxf3 Qd6 16.Qb4 Qxb4 17.axb4 Rd8 18.Ra3 Ra6 19.Rc1 b5 20.Kf1 Kf8
21.Ke2 Rb6 22.b3 axb3 23.Kd2 Ra6 24.Rxa6 Nxa6 25.Kc3 Ke7 26.Kxb3 Kd6 27.e4
dxe4 28.Bxe4 Rc8 29.Bf3 Rc7 30.Rc3 Nb8 31.d5 c5 32.bxc5+ Rxc5 33.Re3 Nd7
34.Re8 Rc4 35.Ra8 Nc5+ 36.Kb2 b4 37.Rb8 Nd3+ 38.Kb1 Rc3 39.Be2 { ? } ( { ? }
39.Be4 Nxf2 40.Rxb4 Nxe4 41.Rxe4 Kxd5 42.Rf4 f6 43.Rf2 Ke4 44.Ra2 f5 45.Ra4+
Kd3 { } ) 39...Rc1+ 40.Ka2 Rc2+ { } {#R} 0-1

[Event "It (cat.8) \"]
[Site "masterchessopen.com Peterhof (Russia)"]
[Date "2006.08.16"]
[Round "4"]
[White "Vlasenko Miroslav (RUS)"]
[Black "Can Emre (TUR)"]
[Result "0-1"]
[WhiteElo "2387"]
[BlackElo "2399"]

1.d4 Nf6 2.c4 e6 3.Nc3 Bb4 4.Qc2 d5 5.cxd5 exd5 6.Bg5 c5 7.e3 cxd4 8.exd4 O-O
9.Bd3 h6 10.Bh4 Nc6 11.Ne2 Be6 12.O-O Ba5 13.Rad1 Rc8 14.Qc1 Bc7 15.Ng3 Kh8
16.Nf5 Bxf5 17.Bxf5 Ra8 18.Rd3 Qd6 19.Rh3 Ng8 20.Bb1 Bd8 21.Bg3 Qd7 22.Be5
Nxe5 23.dxe5 f5 24.Ne2 Rc8 25.Nf4 Ne7 26.Qd2 Bb6 27.Re1 Rc4 28.e6 Qd6 29.Ng6+
Nxg6 30.Rxh6+ Kg8 31.Rxg6 Qf4 32.Qe2 Rc1 33.Rf1 Rfc8 34.g3 Rxf1+ 35.Qxf1 Qf3
36.Bd3 Rc1 {#R} 0-1

[Event "Memorial Adolfo Pedrido (open)"]
[Site "masterchessopen.com Vilagarcia de Arousa (Spain)"]
[Date "2006.08.29"]
[Round "5"]
[White "Rusev Krasimir (BUL)"]
[Black "Patino Romaris Juan Roberto (ESP)"]
[Result "1-0"]
[WhiteElo "2453"]
[BlackElo "2241"]

1.d4 Nf6 2.c4 e6 3.Nc3 Bb4 4.Qc2 d5 5.cxd5 exd5 6.Bg5 h6 7.Bh4 O-O 8.e3 c5
9.dxc5 g5 10.Bg3 Ne4 11.Bd3 Nc6 12.Bxe4 dxe4 13.Bd6 Re8 14.Ne2 b6 15.O-O-O Bf5
16.h4 g4 17.Ng3 Qc8 18.Nd5 Bg6 19.h5 Bh7 20.Rh4 bxc5 21.a3 Ba5 22.Nf6+ Kh8
23.Rxg4 Qe6 24.Rf4 Nd4 25.exd4 Qxd6 26.Ne2 Rec8 27.d5 Qe7 28.Nxh7 Kxh7 29.Rxe4
Qg5+ 30.f4 Qf5 31.g4 Qxg4 32.Re7+ Kh8 33.Rxf7 Qg8 34.Qf5 Rc7 35.Qe5+ {#r} 1-0